Cała 11 Liverpoolu - Statystyki

Ogólne statystyki
  • Ten quiz został rozwiązany 681 razy
  • Średni wynik to 9 z 11
Statystyki odpowiedzi
Hint Odpowiedź % Poprawnych
Napastnik Salah
97%
Obrońca Van dijk
95%
Bramkarz Allison
92%
Napaatnik Mane
92%
Napastnik Firmino
90%
Obrońca Robertson
89%
Obrońca Alexander-arnold
88%
Pomocnik Henderson
82%
Obrońca Gomez
73%
Pomocnik Wijnaldum
52%
Pomocnik Keita
47%
Nie znaleziono quizów pasujących do podanych kryteriów
Rozkład punktacji
Procent ludzi z każdym wynikiem
Percentyl według liczby udzielonych odpowiedzi
Twoja historia wyników
Nie rozwiązałeś tego quizu